00452pab a2200145 454500008004000000100001800040245010100058260000900159300001500168362000800183650002800191650002800219700001600247773004300263180718b2018 xxu||||| |||| 00| 0 eng d aAndre, Audrey aLooking beyond the district: the representation of geographical sub-constituencies across Europe c2018 ap.256-272. aMar aPolitics and government aPolitical participation aDepauw, Sam aInternational Political Science Review